| 000 | 00655nam a2200205 a 4500 | ||
|---|---|---|---|
| 005 | 20240305063801.0 | ||
| 008 | 040308s2003 es r 000 0 spa d | ||
| 020 | _a8478272852 | ||
| 035 | _aUPN01000132554 | ||
| 049 | _aCG | ||
| 050 | 4 |
_aQ181 _bE5.7 |
|
| 245 | 0 | 0 |
_aEnseñar ciencias / _cMaría Pilar Jiménez Aleixandre ... [et al.]. |
| 260 |
_aBarcelona, Esp. : _bGraó, _c2003. |
||
| 300 | _a240 p. | ||
| 440 | 0 |
_aDidáctica de las ciencias experimentales ; _v176 |
|
| 650 | 4 |
_aCiencia _xEstudio y enseñanza (Secundaria) _910108 |
|
| 650 | 4 |
_aCiencia _xMetodología _95804 |
|
| 700 | 1 |
_aAleixandre, Marilar, _d1947- _ecoaut. _933112 |
|
| 905 | _aLibro | ||
| 999 |
_c104708 _d104708 |
||